=LDR 00000nam 2200000 4500 =001 INLIS000000000023136 =005 20201102105426 =035 ##$$a 0010-061300000023136 =008 201102################g##########0#ind## =041 ##$$a Ind =082 ##$$a 307.091 795 986 3 =090 ##$$a 330.917, Dam d =245 ##$$a Dampak perkembangan ekonomi (pasar) terhadap kehidupan sosial budaya masyarakat pedesaan di Sulawesi Tengah /$c Drs. H. Baso Siodjang [atall} =260 ##$$a Palu :$b Depdikbud Dirjen Kebudayaan,$c 1995 =300 ##$$a vii, 179 hlm. ; $c 20 x 16 cm. =650 #4$$a Kehidupan Sosial - Sulawesi Tengah =850 ##$$a NBPNMAT =084 ##$$a 307.091 795 986 3 DAM d =700 #$$a Siodjang, H. Baso =990 ##$$a 07080708 =990 ##$$a 10501050 =990 ##$$a 92.331/Hd-96 =990 ##$$a 3199601050 =990 ##$$a 92.332/Hd-96 =990 ##$$a 92.331/Hd-96 =990 ##$$a 92.331/Hd-96 =990 ##$$a 92.332/Hd-96